000 01137nas a2200337 4500
001 BR2011004595
003 BR-BrBNA
005 20231205115524.0
007 ta
008 230509b bl.|||p| |||| 00| 00por d
040 _aBR-BrBNA
_bpor
_cBiblioteca Nacional de Agricultura
041 _a(Pt)
072 _aF03
100 1 _aHoffmann, C.E.F.
100 1 _aNeves, L.A.S. das
100 1 _aBastos, C.F.
100 1 _aWallau, G. da L.
245 1 _aAtividade alelopática de Nerium Oleander L. e Dieffenbachia picta schott em sementes de Lactuca Sativa L. e Bidens Pilosa
246 1 _aAllelopathic activity of Nerium Oleander L., and Dieffenbachia picta schott in seeds of Lactuca sativa L. and Bidens pilosa L.
650 _aALELOPATIA
650 _aLACTUCA SATIVA
650 _aALFACE
650 _aBIDENS PILOSA
650 _aPICÃO PRETO
650 _aSEMENTE
650 _aGERMINAÇÃO
650 _aBIOMASSA
773 0 _tRevista de Ciências Agroveterinárias (Brazil)
_xISSN 1676-9732
_g(Jan-Jul 2007), v. 6(1) p. 11-21
_wBR2011004595
909 _a202311
_bLúcia
_c55
_dLúcia Elande
942 _2AGRIS
_n0
_cANA
999 _c214231
_d214231